Statistics for Double P Answers

Click here to take the quiz!

General Stats

  • This quiz has been taken 33,586 times
    (13,526 since last reset)
  • The average score is 14 of 20

Answer Stats

HintAnswer% Correct
River that ends near New OrleansMississippi
93%
Burger King's signature sandwichWhopper
88%
Slang for helicopterChopper
86%
Element with symbol CuCopper
85%
Plant from which opium is madePoppy
83%
Useless body part?Appendix
80%
Country made up of 7,107 islandsPhilippines
80%
Marionettes are types of ...Puppet
76%
The Greek letter ΚKappa
75%
Kate Middleton's sisterPippa
75%
There's a big and a little one
in the night sky
Dipper
72%
Piña colada ingredientPineapple
71%
The Hindenburg was one of theseZeppelin
71%
Mountain range that stretches from
Alabama to Newfoundland
Appalachian
70%
Pinocchio's makerGeppetto
67%
Word that follows bell, black, or ghostPepper
66%
1960s counterculture memberHippie
60%
Useless body part for menNipple
57%
Something you can whetAppetite
39%
Poet from the island of LesbosSappho
34%

Score Distribution

Percentile by Number Answered

Percent of People with Each Score

Your Score History

You have not taken this quiz since the last reset